00486nam a2200181Ia 4500008004100000020001800041245002000059245004700079245005400126260001500180260001600195260000900211300001500220300002500235300001000260440002600270500000800296170705s9999 xx 000 0 und d a9780590443500 aLouis Braille : bthe boy who invented books for the blind / cMargaret Davidson ; illustrated by Janet Compere. aNew York : bScholastic, c1971 a80 pages : bcolor illustration ; c19cm. aScholastic biography. a510